| 000 | 00734cab a2200217 4500 | ||
|---|---|---|---|
| 001 | WB3437-30 | ||
| 008 | 090401t1998 xxu||||| |||| 00| 0 eng d | ||
| 035 | _a(Sirsi) u88753 | ||
| 041 | _aeng | ||
| 245 | _aMultiplexes lead the way | ||
| 260 | _c1998 | ||
| 350 | _a0 | ||
| 490 |
_aObserver _v27 September 1998, 7(2) |
||
| 520 | _aLatest figures from the ONS show that the number of cinema admissions dropped last year by six million. The Cinema Advertising Authority disputes these figures and claims that multiplex cinemas have boosted the market considerably. | ||
| 650 | _aCINEMAS | ||
| 650 | _aLEISURE INDUSTRY | ||
| 650 | _aMULTIPLEX CINEMAS | ||
| 690 | _aLEISURE AND RECREATION | ||
| 942 | _n0 | ||
| 948 | _c30/09/1998 | ||
| 999 |
_c56106 _d56106 |
||